UBT Library

Crises of adolescence, teenage pregnancy : (Record no. 42170)

000 -LEADER
fixed length control field 00792cam a2200241 a 4500
001 - CONTROL NUMBER
control field 1460008
005 - DATE AND TIME OF LATEST TRANSACTION
control field 20180208085750.0
008 - FIXED-LENGTH DATA ELEMENTS--GENERAL INFORMATION
fixed length control field 860131s1986 nyu b 001 0 eng c
010 ## - LIBRARY OF CONGRESS CONTROL NUMBER
LC control number 86002304
020 ## - INTERNATIONAL STANDARD BOOK NUMBER
International Standard Book Number 0876304277 (pbk.) :
Terms of availability $12.50
020 ## - INTERNATIONAL STANDARD BOOK NUMBER
International Standard Book Number 0876304269 :
Terms of availability $17.95
040 ## - CATALOGING SOURCE
Original cataloging agency DNLM/DLC
Transcribing agency DLC
Modifying agency DLC
041 ## - LANGUAGE CODE
Language code of text/sound track or separate title eng
060 ## - NATIONAL LIBRARY OF MEDICINE CALL NUMBER
Classification number W1 RE209BR no. 118
-- WS 462 C932
080 ## - UNIVERSAL DECIMAL CLASSIFICATION NUMBER
Universal Decimal Classification number 616.89 JAM
082 00 - DEWEY DECIMAL CLASSIFICATION NUMBER
Classification number 616.89 JAM
-- 155.5/33
Edition number 19
100 ## - Rafti
Rafti 49
101 ## - Shkurtesa
Shkurtesa SOC
245 00 - TITLE STATEMENT
Title Crises of adolescence, teenage pregnancy :
Statement of responsibility, etc formulated by the Committee on Adolescence, Group for the Advancement of Psychiatry.
504 ## - BIBLIOGRAPHY, ETC. NOTE
Bibliography, etc Includes bibliographies and index.
906 ## - LOCAL DATA ELEMENT F, LDF (RLIN)
a 7
b cbc
c orignew
d 1
e ocip
f 19
g y-gencatlg
942 ## - ADDED ENTRY ELEMENTS (KOHA)
Source of classification or shelving scheme
Item type Books
Holdings
Withdrawn status Lost status Source of classification or shelving scheme Damaged status Not for loan Collection code Permanent location Current location Shelving location Date acquired Total Checkouts Full call number Barcode Date last seen Price effective from Koha item type
          Koleksioni i përgjithshem UBT - Lipjan UBT - Lipjan Koleksioni i përgjithshem 02/08/2018   616.89 JAM 002-2998820 02/08/2018 02/08/2018 Books
UBT Library © 2015-2024. All rights reserved University Education for Business and Technology